000 00437nam a2200157Ia 4500
008 210716s2002 xx 000 0 und d
020 _a0070474214
041 _aeng
082 _a658.15 ANTR
100 _aAnthony, Robert N;Govindarajan, Vijay.
245 _aManagement control systems.
250 _a12
260 _aNew Delhi
_bTata McGraw Hill Publishing Company Ltd
_c2002
300 _axi,769
650 _aManagement Accounting
999 _c201241
_d201241